| 000 | 01835cam a2200361 a 4500 | ||
|---|---|---|---|
| 001 | 2664 | ||
| 003 | FISKH | ||
| 005 | 20240109110855.0 | ||
| 008 | 760503s1956 nyua 000 1 eng | ||
| 010 | _a 56001967 | ||
| 020 | _a9780007350919 | ||
| 040 |
_aDLC _cDLC _dDLC _beng |
||
| 050 | 0 | 0 |
_aPZ3.H222 _bTe24 |
| 051 |
_aPR4748 _b.A1 1956 _cCopyright deposit copy, in slipcase, with embossed stamp below colophon: This is one of 15 presentation copies 'out of series.' No. 269 (Dec. 1955) of Monthly letter of the Limited Editions Club laid in. |
||
| 051 |
_aLEC no. 262 _cCopy no. 1, in slipcase, acquired as part of an archival set from the publisher in 2008. |
||
| 082 | _a823.8 | ||
| 100 | 1 |
_aHardy, Thomas, _d1840-1928. |
|
| 245 | 1 | 0 |
_aTess of the d'Urbervilles / _cThomas Hardy |
| 260 |
_aLondon : _bHarper Collins, _c2010. |
||
| 300 |
_a500 pages : _c18 cm |
||
| 520 | _aTess of the d'Urbervilles is a harrowing critique of social class and the powerlessness of women. Tess, a beautiful young woman, is pushed on her rich "relatives" by her grasping father. When the young Lord does with her as he likes, Tess's whole life falls into ruins from which she attempts to free herself. The novel met with mixed reviews upon publication, because it challenged the precepts of society. It is now considered a classic of English literature. | ||
| 650 | 0 | 0 |
_aTriangles (Interpersonal relations) _vFiction. |
| 650 | 0 |
_aChildren of the rich _vFiction. |
|
| 650 | 0 |
_aChildren of clergy _vFiction. |
|
| 650 | 0 |
_aWomen household employees _vFiction. |
|
| 650 | 0 |
_aWomen murderers _vFiction. |
|
| 650 | 0 |
_aPoor families _vFiction. |
|
| 651 | 0 |
_aWessex (England) _vFiction. |
|
| 655 | 7 |
_aPastoral fiction. _2gsafd |
|
| 655 | 7 |
_aDidactic fiction. _2gsafd |
|
| 906 |
_a7 _bcbc _cpremver _d1 _encip _f19 _gy-gencatlg |
||
| 942 |
_2ddc _cBK _n0 |
||
| 999 |
_c2664 _d2664 |
||